| 000 | 00858nam a2200265 i 4500 | ||
|---|---|---|---|
| 001 | bg | ||
| 100 | 1 | _aPAYNE, Adrian | |
| 245 | 1 | 0 |
_aMarketing usług / _cAdrian Payne ; tł. Grażyna Górska. |
| 246 |
_iTyt. oryg.: _aThe essence of services marketing |
||
| 260 |
_aWarszawa : _bPolskie Wydaw. Ekonomiczne, _c1997. |
||
| 300 |
_a300, [1] s. ; _c21 cm. |
||
| 500 | _aTyt. oryg.: "The essence of services marketing". | ||
| 504 | _aBibliogr., indeks. | ||
| 650 | 9 |
_aUsługi _xmarketing |
|
| 655 | _aPodręczniki | ||
| 700 | 1 |
_aGÓRSKA, Grażyna. _eTł. |
|
| 020 | _a8320810507 | ||
| 040 | _cBPK | ||
| 041 | 1 |
_apol _heng |
|
| 080 | _a338.46:339.138](07) | ||
| 920 | _a83-208-1050-7 | ||
| 942 | _cKS | ||
| 008 | s pl f |000 0 pol | ||
| 999 |
_c44258 _d44258 |
||
| 856 |
_uhttp://koha.tu.koszalin.pl/cgi-bin/koha/opac-detail.pl?biblionumber=44258 _yKatalog online BPK |
||